Footballers by Picture - South America - Statistics

General Stats
  • This quiz has been taken 140 times
  • The average score is 17 of 25
Answer Stats
Picture Answer % Correct
Lionel Messi
100%
Diego Maradona
99%
Pele
99%
Ronaldo
99%
Luis Suárez
98%
Neymar
95%
Sergio Agüero
86%
Angel Di Maria
84%
James Rodriguez
84%
Alexis Sanchez
83%
Diego Forlan
82%
Kaka
82%
Cafú
80%
Diego Godín
75%
Javier Zanetti
71%
Antonio Valencia
65%
Garrincha
64%
Carlos Valderrama
57%
Salomón Rondón
34%
Roque Santa Cruz
28%
Jose Luis Chilavert
27%
Marcelo Salas
20%
Teófilo Cubillas
18%
Marcelo Moreno
14%
Nolberto Solano
13%
No matching quizzes found
Score Distribution
Percent of People with Each Score
Percentile by Number Answered
Your Score History
You have not taken this quiz